000 01985nam a2200349 4500
001 113537
003 DR-UNIBE
005 20260218163318.0
008 250502b2022 dr ||||| |||| 00| 0 spa d
020 _a9789945643466 (impreso)
020 _a9789945643480 (electrónico)
040 _aBIBLIOTECA UNIBE
_bspa
_cBIBLIOTECA UNIBE
041 _aspa
082 _222
_aRD 364.6 T231j 2022
100 _aTavárez Justo, Manuel Aurelio (Manolo),
_d1931-1963
_eautor
_9162915
245 1 0 _aJusticia y castigo :
_bconsideraciones sobre la evolución histórica de los sistemas penales /
_cManuel Aurelio Tavárez Justo
250 _aPrimera edición
260 _aSanto Domingo :
_bTribunal Constitucional. Centro de Estudios Constitucionales,
_c2022
300 _axx, 79 páginas ;
_c24 cm
490 _aClásicos de derecho constitucional
504 _aIncluye referencias bibliográficas (página: 79) e índice
505 0 _aPalabras del Magistrado presidente Dr. Milton Ray Guevara | Manolo Tavárez Justo: el penalista que nos arrebataron | Justicia y castigo. Introducción | CAPÍTULO I. DERECHO PENAL ANTIGUO | Sección I. Historia de los orígenes del derecho penal | Los fósiles jurídicos | Sección II. Consideraciones sobre la evolución | CAPÍTULO II. CONSIDERACIONES SOBRE LA EVOLUCIÓN HISTÓRICA DE LOS SISTEMAS PENALES | Sección I. El derecho moderno. Derecho penal clásico | Sección II. Derecho penal positivista | El delincuente. Evolución de estos conceptos | Instituciones penitenciarias | Conclusiones | Bibliografía
650 7 _2lemb
_aDerecho penal
650 7 _2lemb
_aProcedimiento penal
650 7 _2lemb
_aPenas
650 7 _2lemb
_aFilosofía del derecho penal
_9143635
700 1 _aTavárez Mirabal, Minou,
_d1956-
_949124
700 1 _aRay Guevara, Milton,
_d1948-
_epresentación
_9154714
700 1 _aCasado, Yissel
_ediagramación
_955534
700 1 _aRead, Enrique
_ediseño de portada
_9148123
942 _2ddc
_cBK
999 _c113537
_d113537